Polymer solvent interaction parameter for NR/SBR and NR/BR blends (Record no. 50803)

MARC details
000 -LEADER
fixed length control field 00472nam a2200169Ia 4500
100 ## - MAIN ENTRY--AUTHOR NAME
Personal name Joseph R.[a]
245 #0 - TITLE STATEMENT
Title Polymer solvent interaction parameter for NR/SBR and NR/BR blends
260 ## - PUBLICATION, DISTRIBUTION, ETC. (IMPRINT)
Name of publisher International Journal of Polymeric Materials
Year of publication 1987
300 ## - PHYSICAL DESCRIPTION
Number of Pages 29-34
650 ## - SUBJECT ADDED ENTRY--TOPICAL TERM
Topical Term NR/BR blend
650 ## - SUBJECT ADDED ENTRY--TOPICAL TERM
Topical Term Polymer solvent
700 ## - ADDED ENTRY--PERSONAL NAME
Personal name Francis D.J.
700 ## - ADDED ENTRY--PERSONAL NAME
Personal name George K.E.
700 ## - ADDED ENTRY--PERSONAL NAME
Personal name Thomas K.T.
942 ## - ADDED ENTRY ELEMENTS (KOHA)
Koha item type Bibliography STAF
Holdings
Withdrawn status Lost status Damaged status Not for loan Home library Current library Shelving location Date acquired Serial Enumeration / chronology Koha item type
      Bibliography RRII Library RRII Library Rubber chemistry 09/04/2014 Volume 12, Issue 1 Bibliography STAF